1a reunión hemisférica de control fronterizo internacional en salud animal y vegetal

সংরক্ষণ করুন:
গ্রন্থ-পঞ্জীর বিবরন
সংস্থা লেখক: IICA (Author), SAG (Author), FAO (Author)
বিন্যাস: গ্রন্থ
ভাষা:স্প্যানিশ
প্রকাশিত: Santiago IICA 2006
বিষয়গুলি:
ট্যাগগুলো: ট্যাগ যুক্ত করুন
কোনো ট্যাগ নেই, প্রথমজন হিসাবে ট্যাগ করুন!

MARC

LEADER 00000cam a2200000 a 4500
001 UCD2588
003 CL-VaPUC
005 20211019074335.0
008 160505e20060000cl 1 spa d
020 |a 9562120201 
082 0 4 |a 382.41  |b IIC  |2 21 
110 2 |a IICA  |e author  |9 622175 
710 2 |a SAG  |e author  |9 622176 
710 2 |a FAO  |e author  |9 622177 
245 1 0 |a 1a reunión hemisférica de control fronterizo internacional en salud animal y vegetal 
260 |a Santiago  |b IICA  |c 2006 
300 |a 173 p 
583 |a last modification  |c 20160505 16:04:00  |k Rodrigo Vera 
650 0 0 |a Comercio exterior  |9 257617 
650 0 7 |a SALUD ANIMAL  |2 CL-VaPUC  |9 411303 
650 0 0 |a Tratados internacionales   |9 256056 
650 0 0 |a Cooperación internacional  |9 255447 
942 |c BK 
945 |a cmena  |d 20160505 16:04:00 
546 |a En Español 
536 |a IICA 
536 |a SAG 
536 |a FAO 
518 |p Reunión Hemisférica de Control Fronterizo Internacional en Salud Animal y Vegetal, 1, Puerto Varas, 25 al 27 de abril de 2005 
999 |c 384835  |d 384833 
952 |0 0  |1 0  |3 erb  |4 0  |6 382_410000000000000_IIC_2006  |7 0  |8 A  |9 507822  |a BIBAGR  |b BIBAGR  |i 5282918  |o 382.41 IIC 2006  |p 5282918  |r 2024-01-30  |w 2020-01-23  |y BK  |z Catalogado en:20160505  |k AGR